Language across the curriculum : the implementation of the Bullock Report in the secondary school /

Bibliographic Details
Main Author: Marland, Michael
Other Authors: Barnes, Douglas R.
Format: Book
Language:English
Published: London : Heinemann Educational, 1977.
Series:Heinemann organisation in schools series
Subjects:

MARC

Tag First Indicator Second Indicator Subfields
LEADER 00000cam a2200000 i 4500
001 in00000609921
005 20151014163258.0
008 780221s1977 enka b 00110 eng
010 |a  78301577  
015 |a GB77-24151 
020 |z 0435805789. 
020 |a 0435806319 (pbk. :)  |c 2.95 
035 |a (OCoLC)03729263 
035 |9 ACS2689AM 
040 |a DLC  |c DLC  |d TXA  |d UtOrBLW 
043 |a e-uk--- 
049 |a TXAM  |c [929002] 
050 0 0 |a LB1631  |b .M386 
082 0 |a 420/.7/1242 
100 1 |a Marland, Michael. 
245 1 0 |a Language across the curriculum :  |b the implementation of the Bullock Report in the secondary school /  |c [by] Michael Marland ; with specialist contributions by Douglas Barnes [and others]. 
264 1 |a London :  |b Heinemann Educational,  |c 1977. 
300 |a x, 309 pages :  |b illustrations ;  |c 22 cm. 
336 |a text  |b txt  |2 rdacontent 
337 |a unmediated  |b n  |2 rdamedia 
338 |a volume  |b nc  |2 rdacarrier 
490 0 |a Heinemann organisation in schools series 
500 |a Includes index. 
504 |a Bibliography: pages 302-304. 
650 0 |a English language  |x Study and teaching (Secondary)  |z Great Britain. 
700 1 |a Barnes, Douglas R. 
999 |a MARS 
999 f f |s c0ac9c9d-71e9-3f41-9a91-5b57799d4157  |i 02536579-6c96-3d35-8f7f-fc3816d46f2e  |t 0 
952 f f |p normal  |a Texas A&M University  |b College Station  |c Sterling C. Evans Library  |d Evans: Library Stacks  |t 0  |e LB1631 .M386  |h Library of Congress classification  |i unmediated -- volume  |m A14803272271 
998 f f |a LB1631 .M386  |t 0  |l Evans: Library Stacks